Lord of the Mysteries - The Error Pathway - Statistics

General Stats
  • This quiz has been taken 50 times
  • The average score is 8 of 10
Answer Stats
Sequence Number Name of Potion % Correct
Sequence 0 The Error
100%
Sequence 9 Marauder
97%
Sequence 4 Parasite
85%
Sequence 1 Worm Of Time
85%
Sequence 8 Swindler
76%
Sequence 2 Trojan Horse Of Destiny
76%
Sequence 6 Prometheus
70%
Sequence 7 Cryptologist
67%
Sequence 5 Dream Stealer
61%
Sequence 3 Mentor Of Deceit
48%
No matching quizzes found
Score Distribution
Percent of People with Each Score
Percentile by Number Answered
Your Score History
You have not taken this quiz